<?xml version="1.0" encoding="UTF-8"?>
<record
    xmlns:xsi="http://www.w3.org/2001/XMLSchema-instance"
    xsi:schemaLocation="http://www.loc.gov/MARC21/slim http://www.loc.gov/standards/marcxml/schema/MARC21slim.xsd"
    xmlns="http://www.loc.gov/MARC21/slim">

  <leader>00442nam a22001337a 4500</leader>
  <controlfield tag="008">230519b        |||||||| |||| 00| 0 eng d</controlfield>
  <datafield tag="020" ind1=" " ind2=" ">
    <subfield code="a">978-99936-777-1-1</subfield>
  </datafield>
  <datafield tag="082" ind1=" " ind2=" ">
    <subfield code="a">954.98 </subfield>
  </datafield>
  <datafield tag="100" ind1=" " ind2=" ">
    <subfield code="a">The National Museum of Bhutan</subfield>
  </datafield>
  <datafield tag="245" ind1=" " ind2=" ">
    <subfield code="a">&#xF60;&#xF56;&#xFB2;&#xF74;&#xF42;&#xF0B;&#xF42;&#xF72;&#xF0B;&#xF51;&#xF44;&#xF7C;&#xF66;&#xF0B;&#xF45;&#xF53;&#xF0B;&#xF51;&#xF44;&#xF0B;&#xF51;&#xF44;&#xF7C;&#xF66;&#xF0B;&#xF58;&#xF7A;&#xF51;&#xF0B;&#xF63;&#xF58;&#xF0B;&#xF66;&#xFB2;&#xF7C;&#xF63;&#xF0D;</subfield>
  </datafield>
  <datafield tag="300" ind1=" " ind2=" ">
    <subfield code="a">553 p.</subfield>
    <subfield code="c">23 cm</subfield>
  </datafield>
  <datafield tag="942" ind1=" " ind2=" ">
    <subfield code="2">ddc</subfield>
  </datafield>
  <datafield tag="999" ind1=" " ind2=" ">
    <subfield code="c">9565</subfield>
    <subfield code="d">9566</subfield>
  </datafield>
  <datafield tag="952" ind1=" " ind2=" ">
    <subfield code="0">0</subfield>
    <subfield code="1">0</subfield>
    <subfield code="2">ddc</subfield>
    <subfield code="4">0</subfield>
    <subfield code="7">0</subfield>
    <subfield code="8">DZONGKHA</subfield>
    <subfield code="a">RTCLIB</subfield>
    <subfield code="b">RTCLIB</subfield>
    <subfield code="c">DZONGKHA</subfield>
    <subfield code="d">2023-05-19</subfield>
    <subfield code="h">177420</subfield>
    <subfield code="l">0</subfield>
    <subfield code="o">954.98 NMB</subfield>
    <subfield code="p">30018766</subfield>
    <subfield code="r">2023-08-29 00:00:00</subfield>
    <subfield code="w">2023-05-19</subfield>
    <subfield code="y">DZONGKHA</subfield>
  </datafield>
</record>
